000 00812nam a22002657a 4500
001 BR6007540
003 BR-BrBNA
005 20230928083301.0
007 ta
008 230509b bl.||||| |||| 00| 0 por d
040 _aBR-BrBNA
_bpor
_cBiblioteca Nacional de Agricultura
041 _a(Por)
072 _aE70
_b1220
090 _ 1220 BR6007540
100 1 _aSilva, M.B.A.
110 1 _aEscola Superior de Agricultura Luiz de Queiroz, Piracicaba, SP (Brasil)
_0Tese (Mestre em Ciencias Sociais)
245 1 _aAspectos do comercio internacional de amendoa de caju
260 3 _aPiracicaba, SP (Brasil):
_c1974.
300 _a92 p.
500 _a37 ref.; Summaries (Eng, Por)
650 _aCastanha de caju
650 _aMercado internacional
909 _a202309
_bLucia
_c55
_dLucia Elande
942 _cBK
999 _c12580
_d12580